000 00286nam a22001217a 4500
008 170608b xxu||||| |||| 00| 0 eng d
041 _aALB
080 _a34
100 _a14
101 _aSHJ
245 _aDEKLARATA UNIVERSALE MBI TE DREJTAT E NJERIUT
_cALFREDSON, G
942 _2udc
_cBK
999 _c16541
_d16541